00926nam a2200253 i 4500003000900000005001700009006001900026007000300045008004100048040003000089082002700119100003000146245009800176250001800274264004900292300002800341336002700369337003300396338002800429500006900457600003400526651005700560651005500617DO-SdBNP20260321073645.0a||||gr|||| 00| 0 ta230927e1986 dr ||||| |||| 00| e spa d aDO-SdBNPbspacBNPHUerda 4222a923.57293bG633B, 1 a Bosch, Juan, d1909-200110aMáximo Gómez de Monte Cristi a la gloria :btres años de guerra en Cuba. /cJuan Bosch. a1a. edición aSanto Domingo :bEditora Alfa & Omega,c1986 a137 páginas ;c20 cm. atextobtxt2rdacontent asin mediaciónbn2rdamedia avolumenbnc2rdacarrier aIncluye referencias bibliográficas y notas al pie de páginas10aGómez, Máximo,d1836-1905 aCubaxHistoriayGuerra de los diez años, 1868-1878 aCubaxHistoriayGuerra de independencia, 1895-1898